000 00915nam a22002417a 4500
003 UA-OsUOA
001 25383
007 ta
008 20040405b un ||||| |||| 00| 0 ukr d
090 _a34(094):349.2(477)
_bУ-45
942 _cBK
040 _aUA-OsUOA
_bukr
_cUA-OsUOA
_dUA-OsUOA
245 _aКодекс законів про працю України
_bЗакон "Про оплату праці"; порядок обчислення середньої заробітної плати; Закон "Про відпустки"; Роз'яснення мінпраці щодо застосування закону "Про відпустки"; науковий коментар".
300 _a208 с.
955 _a0
041 _aukr
080 _a34(094):349.2(477)
020 _a966-7231-00-3
260 _aУжгород
_bІВА
_c1997
044 _aUA
650 7 _2UDC
999 _c311676
_d311676